| 000 | 00462nam a22001457a 4500 | ||
|---|---|---|---|
| 005 | 20240320095030.0 | ||
| 008 | 240320b ||||| |||| 00| 0 eng d | ||
| 040 | _cAL | ||
| 041 | _aeng | ||
| 082 |
_223 _a622.352 _bREPO |
||
| 245 |
_aReport of the Study on Yenepoya Mineral and Granites: _bA Case for the Conversion of a Private Ltd Co into a Public Ltd Co |
||
| 260 |
_aMangalore _bSt Aloysius College _c1993 |
||
| 700 |
_aRAJU (E V) _9155566 |
||
| 942 |
_2ddc _cBK |
||
| 999 |
_c230565 _d230565 |
||